| 000 | 00541nam a2200205Ia 4500 | ||
|---|---|---|---|
| 005 | 20250505125008.0 | ||
| 008 | 008 250505s9999 xx 000 0 eng d | ||
| 037 | _aReference | ||
| 040 |
_aLCO _beng _cLCO |
||
| 041 |
_aeng _2eng |
||
| 084 |
_aV:58(Z) R4 _qLCO |
||
| 100 |
_aKirpal, Saurabh _9754052 |
||
| 245 | 0 |
_aWho is Equal _cSaurabh Kirpal |
|
| 260 |
_aNew Delhi, India _bPenguin India _c2024 |
||
| 300 | _a273 | ||
| 365 |
_aINR _b699 |
||
| 650 | _aLaw | ||
| 942 |
_cREF _hV:58(Z) R4 |
||
| 999 |
_c1311002 _d1311002 |
||